| 000 | 01105cam a2200205 a 4500 | ||
|---|---|---|---|
| 999 |
_c2065 _d2065 |
||
| 020 | _a0521580552 | ||
| 020 | _a0521589592 (pbk.) | ||
| 050 | 0 | 0 |
_aHC110.I5 _bC45 |
| 100 | 1 | _aChampernowne, D. G. | |
| 245 | 1 | 0 |
_aEconomic inequality and income distribution / _cD.G. Champernowne and F.A. Cowell. |
| 260 |
_aCambridge [England] ; _aNew York : _bCambridge University Press, _c1998. |
||
| 300 |
_axx, 405 p. : _b 96 line drawings, 87 tables, index, bibliography _c25 cm. |
||
| 500 | _aInclude index and bibliography | ||
| 505 | _a1. Why bother about inequality?; 2. Steps in the study of economic inequality; 3. Inequality and history; 4. Inequality, meaning and measurement; 5. Social welfare and inequality analysis; 6. Determinants of economic inequality; 7. The distribution of income from employment; 8. The dynamics of earnings; 9. The distribution of wealth; 10. Fantastic models of wealth distribution; 11. Stochastic models of wealth and income distribution; 12. Policy. | ||
| 650 | 0 | _aIncome. | |
| 650 | 0 | _aIncome distribution. | |
| 650 | 0 | _aEquality. | |
| 700 | 1 | _aCowell, Frank A. | |
| 942 | _cBK | ||